[Event "IND-ch U11 Girls 30th"]
[White "Vishwa, Vasnawala"]
[Black "Ananya, Anamika"]
[Site "India"]
[Round "7"]
[Result "1-0"]
[Date "2016.07.02"]
[WhiteElo "1258"]
[BlackElo "1130"]
[PlyCount "51"]
[EventDate "2016.06.28"]
[EventType "swiss"]
[EventRounds "11"]
[EventCountry "IND"]
[SourceTitle "CBM 173 Extra"]
[Source "ChessBase"]
[SourceDate "2016.08.29"]
[SourceVersion "1"]
[SourceVersionDate "2016.08.29"]
[SourceQuality "1"]

1. e4 c5 2. c3 d6 3. d4 cxd4 4. cxd4 Qc7 5. Nc3 a6 6. Nf3 e6 7. Bf4 Nc6 8. Bg3 Nf6 9. d5 exd5 10. Nxd5 Nxd5 11. exd5 Ne7 12. Qd2 Qc5 13. Rd1 b5 14. b4 Qc7 15. Bd3 Bb7 16. 0-0 Bxd5 17. Rfe1 Be6 18. Rc1 Qd7 19. Nd4 g6 20. Qe2 Bd5 21. Be4 Bxe4 22. Qxe4 Rc8 23. Rxc8+ Qxc8 24. Bxd6 Qd7 25. Bxe7 Qxe7 26. Qc6+ 1-0

[Event "IND-ch U11 Girls 30th"]
[White "Divya, Deshmukh"]
[Black "Ananya, Anamika"]
[Site "India"]
[Round "1"]
[Result "1-0"]
[Date "2016.06.28"]
[WhiteElo "1908"]
[BlackElo "1130"]
[PlyCount "77"]
[EventDate "2016.06.28"]
[EventType "swiss"]
[EventRounds "11"]
[EventCountry "IND"]
[SourceTitle "CBM 173 Extra"]
[Source "ChessBase"]
[SourceDate "2016.08.29"]
[SourceVersion "1"]
[SourceVersionDate "2016.08.29"]
[SourceQuality "1"]

1. e4 c5 2. Nf3 d6 3. d4 cxd4 4. Nxd4 Nf6 5. Nc3 a6 6. Bg5 e6 7. f4 Nbd7 8. Qf3 Be7 9. 0-0-0 h6 10. Bxf6 Bxf6 11. g4 Qc7 12. h4 b5 13. Bxb5 0-0 14. Bxd7 Bxd7 15. g5 Bxd4 16. Rxd4 e5 17. fxe5 dxe5 18. Nd5 Qd8 19. gxh6 exd4 20. hxg7 f5 21. gxf8Q+ Kxf8 22. Qh5 Be6 23. Nf4 Qf6 24. e5 Qf7 25. Qh8+ Qg8 26. Nxe6+ Ke7 27. Qf6+ Kd7 28. Nc5+ Ke8 29. Qc6+ Ke7 30. Qd7+ Kf8 31. Ne6+ Qxe6 32. Qxe6 Ra7 33. Qxf5+ Rf7 34. Qc8+ Ke7 35. e6 Rf8 36. Qd7+ Kf6 37. Rf1+ Ke5 38. Rxf8 Ke4 39. e7 1-0